000 01036cam a2200229 i 4500
005 20251204102248.0
008 250721r2005 ua gr 000 0 ara d
082 1 4 _a214.2
_bش ر ح
245 0 0 _aشرح أسماء الله الحسنى وصفاته العليا /
_cشرح الإمام أبي بكر البيهقي [و ثلاثة آخرون] ؛ اعتنى به وخرج أحاديثه أبو عبد الرحمن عادل بن سعد.
250 _aالطبعة الأولى.
264 3 1 _aالقاهرة :
_bدار ابن الهيثم،
_c[2005].
300 _aالجزء الثاني.
650 1 7 _aالأسماء الحسنى.
650 1 7 _aالعقيدة الدينية.
700 1 _aأبو بكر البيهقي
_eشارح.
700 1 _aابن تيمية
_eشارح.
700 1 _aابن قيم الجوزية
_eشارح.
700 1 _aالعثيمين، محمد بن صالح
_eشارح.
700 1 _aبن سعد، أبو عبد الرحمن عادل
_eمحقق.
942 _2ddc
_cBK
999 _c100523
_d100523